Types of Maps - Statistics

General Stats
  • This quiz has been taken 8 times
  • The average score is 6 of 18
Answer Stats
A map that shows is what type of map? % Correct
detailed elevation and land forms using contour lines Topographical
86%
human-made national and administrative boundaries Political
71%
the location of hidden riches Treasure
71%
atmospheric conditions Weather
71%
rock and sediment layers underlying the earth's surface Geologic
57%
images of the planet from space Satellite
43%
streets, railway, subway, and bus lines Transit
43%
relations among abstract ideas Concept
29%
the distribution of constituencies of a jurisdiction's voting system Electoral
29%
the coastline, water depths, and navigational aids of a marine area Nautical
29%
the natural surface features of the Earth Physical
29%
astronomical bodies in space Celestial
14%
the physical features and depths of the seafloor or lake bed Bathymetric
0%
images of precipitation and weather systems Radar
0%
a physical representation of a terrain's three-dimensional shape Relief
0%
the defining strategic objectives, key steps, and milestones of a project Road
0%
relative connectivity and positioning of features Topological
0%
routes, elevation, land features, and points of interest in a recreational area Trail
0%
No matching quizzes found
Score Distribution
Percent of People with Each Score
Percentile by Number Answered
Your Score History
You have not taken this quiz